000 00491nam a2200205Ia 4500
005 20250425162750.0
008 250425s9999 xx 000 0 und d
020 _a9586006662
041 _aspa
043 _ack
082 _a624.18
100 _aBROCKENBROUGH, ROGER
245 0 _aDISEÑO DE ESTRUCTURAS DE ACERO (TOMO 3)
250 _a2A ED.
260 _aBOGOTA
260 _aColombia
_bMCGRAW-HILL
_c1997
650 _aESTRUCTURAS DE ACERO
942 _c01
010 _a106701
999 _c235980
_d235980